Asmara, the frozen city /
| Corporate Author: | |
|---|---|
| Other Authors: | , |
| Format: | Book |
| Language: | English German Italian |
| Language Notes: | English, German and Italian. |
| Published: |
Berlin :
Jovis,
[2006]
|
| Subjects: |
MARC
| Tag | First Indicator | Second Indicator | Subfields |
|---|---|---|---|
| LEADER | 00000cam a22000004a 4500 | ||
| 001 | in00002352621 | ||
| 005 | 20151108060437.0 | ||
| 008 | 070116s2006 gw ab c 000 0 eng c | ||
| 016 | 7 | |a 981204279 |2 GyFmDB | |
| 020 | |a 3936314616 (hd.bd.) | ||
| 020 | |a 9783936314618 (hd.bd.) | ||
| 029 | 0 | |a OHX |b har060125950 | |
| 029 | 1 | |a NLGGC |b 298905124 | |
| 035 | |a (OCoLC)ocm73109031 | ||
| 040 | |a OHX |c OHX |d AZS |d BAKER |d NLGGC |d YUS |d TXA |d UtOrBLW | ||
| 041 | 1 | |a eng |a ger |a ita | |
| 042 | |a pcc | ||
| 049 | |a TXAM | ||
| 050 | 4 | |a NA1591.6.E72 |b A8 2006 | |
| 072 | 7 | |a NA |2 lcco | |
| 084 | |a 21.62 |2 bcl | ||
| 245 | 0 | 0 | |a Asmara, the frozen city / |c Stefan Boness, Fotografie ; Jochen Visscher, Hrsg. |
| 264 | 1 | |a Berlin : |b Jovis, |c [2006] | |
| 264 | 4 | |c ©2006 | |
| 300 | |a 94 pages : |b color illustrations ; map ; |c 17 cm. | ||
| 336 | |a text |b txt |2 rdacontent | ||
| 337 | |a unmediated |b n |2 rdamedia | ||
| 338 | |a volume |b nc |2 rdacarrier | ||
| 500 | |a Catalogue of an exhibition opening Oct. 3-Dec. 3, 2006, at Deutsches Architektur Zentrum, Berlin, and traveling to four other venues through July 2008. | ||
| 546 | |a English, German and Italian. | ||
| 650 | 0 | |a Modern movement (Architecture) |z Eritrea |z Asmara |v Exhibitions. | |
| 650 | 0 | |a Architecture |z Eritrea |z Asmara |y 20th century |v Exhibitions. | |
| 651 | 0 | |a Asmara (Eritrea) |v Exhibitions. | |
| 650 | 1 | 7 | |a Modernisme (cultuur) |2 gtt |
| 650 | 1 | 7 | |a Bouwkunst. |2 gtt |
| 651 | 7 | |a Asmara. |2 gtt | |
| 700 | 1 | |a Boness, Stefan. | |
| 700 | 1 | |a Visscher, Jochen. | |
| 710 | 2 | |a Förderverein Deutsches Architektur Zentrum. | |
| 945 | |a PromptCat |b 290475 | ||
| 946 | |a stk | ||
| 947 | |a A14836523651 | ||
| 994 | |a C0 |b TXA | ||
| 948 | |a cataloged |b h |c 2007/12/20 |d c |e aklinger |f 11:40:44 am | ||
| 999 | |a MARS | ||
| 999 | f | f | |s b38320be-eb03-3d5a-9e84-de4ffff708b2 |i 5dd47fad-b56e-3c2e-84cd-b00c8fcc7000 |t 0 |
| 952 | f | f | |p normal |a Texas A&M University |b College Station |c Sterling C. Evans Library |d Evans: Library Stacks |t 0 |e NA1591.6.E72 A8 2006 |h Library of Congress classification |i unmediated -- volume |m A14836523651 |
| 998 | f | f | |a NA1591.6.E72 A8 2006 |t 0 |l Evans: Library Stacks |